<?xml version="1.0" encoding="UTF-8"?>
<record
    xmlns:xsi="http://www.w3.org/2001/XMLSchema-instance"
    xsi:schemaLocation="http://www.loc.gov/MARC21/slim http://www.loc.gov/standards/marcxml/schema/MARC21slim.xsd"
    xmlns="http://www.loc.gov/MARC21/slim">

  <leader>01805nam a2200277Ia 4500</leader>
  <controlfield tag="001">K0210</controlfield>
  <controlfield tag="003">IT-RoPAU</controlfield>
  <controlfield tag="008">130308s9999    xx            000 0 und d</controlfield>
  <datafield tag="040" ind1=" " ind2=" ">
    <subfield code="a">IT-RoPAU</subfield>
  </datafield>
  <datafield tag="040" ind1=" " ind2=" ">
    <subfield code="c">IT-RoPAU</subfield>
  </datafield>
  <datafield tag="041" ind1=" " ind2=" ">
    <subfield code="a">ITALIANO  </subfield>
  </datafield>
  <datafield tag="100" ind1=" " ind2=" ">
    <subfield code="a">Damiani Sandro</subfield>
  </datafield>
  <datafield tag="100" ind1=" " ind2=" ">
    <subfield code="g">Codice Aut. SPICS: 60044</subfield>
  </datafield>
  <datafield tag="245" ind1=" " ind2=" ">
    <subfield code="a">Mostra di stampe italiane dal Mantegna al Tempesta</subfield>
  </datafield>
  <datafield tag="245" ind1=" " ind2=" ">
    <subfield code="b">Mostra di Stampe italiane dal Mantegna al tempesta                                                                                                        </subfield>
  </datafield>
  <datafield tag="250" ind1=" " ind2=" ">
    <subfield code="a">1a ed.</subfield>
  </datafield>
  <datafield tag="260" ind1=" " ind2=" ">
    <subfield code="b">s.e. (senza Editrice o non identificata)</subfield>
  </datafield>
  <datafield tag="260" ind1=" " ind2=" ">
    <subfield code="c">1970 [1&#xB0; Ed.:1970 - Ed.Ling.Originale:1970]</subfield>
  </datafield>
  <datafield tag="300" ind1=" " ind2=" ">
    <subfield code="a">"102 p. (prefazione: no ; testo: 102 [pagine: 0-0])"</subfield>
  </datafield>
  <datafield tag="500" ind1=" " ind2=" ">
    <subfield code="a">"Introduzione di G. Panazza. 51 Illustrazioni di Autori vari tra I Quali: Andrea Andreani; Antonio da Cremona; Antonio da Trento; Federico Barocci; Bartolomeo da Brescia; Giovanni Pietro Birago; Giuseppe Nicolo' Boldrini; Giulio Bonasone; Gian Giacomo Caraglio; Agostino Carracci; Annibale Carracci; Lodovico Carracci; Marco Dente; Orazio De Sanctis; Orazio Farinati; Gerardo Fontana; Giovanni Battista Franco; Giorgio Ghisi; Giovanni Antonio da Brescia; maestro del Dado; maestro Io.An.Bo.; Andrea Mantegna; Monogrammista; Benedetto Montagna; Giovanni Battista Angolo del Moro; Agostino di Musi; Jaco Po Palma Il Giovane; Marcantonio Raimondi; Cristofano Robetta; Martino Rota; Raffaele Schiaminossi; Giuseppe Scolari; Adamo Scultori; Diana Scultori; Giovanni Battista Scultori; Vespasiano Strada; Antonio Tempesta; Francesco Valeggio; Giuseppe Nicola Vicentino; Enea Vico; Zoan Andrea.                 D"</subfield>
  </datafield>
  <datafield tag="650" ind1=" " ind2=" ">
    <subfield code="a">SAGGI SULLE ARTI VISIVE</subfield>
  </datafield>
  <datafield tag="650" ind1=" " ind2=" ">
    <subfield code="e">Codice materia Spics: 5011</subfield>
  </datafield>
  <datafield tag="942" ind1=" " ind2=" ">
    <subfield code="c">BK</subfield>
  </datafield>
  <datafield tag="957" ind1=" " ind2=" ">
    <subfield code="7">1</subfield>
  </datafield>
  <datafield tag="999" ind1=" " ind2=" ">
    <subfield code="c">77107</subfield>
    <subfield code="d">77107</subfield>
  </datafield>
  <datafield tag="999" ind1=" " ind2=" ">
    <subfield code="g">1</subfield>
  </datafield>
  <datafield tag="952" ind1=" " ind2=" ">
    <subfield code="0">0</subfield>
    <subfield code="1">0</subfield>
    <subfield code="4">0</subfield>
    <subfield code="6">K_000000000000000_0210</subfield>
    <subfield code="7">1</subfield>
    <subfield code="a">SPICS</subfield>
    <subfield code="b">SPICS</subfield>
    <subfield code="d">2013-03-08</subfield>
    <subfield code="l">0</subfield>
    <subfield code="o">K0210</subfield>
    <subfield code="r">2013-03-08 00:00:00</subfield>
    <subfield code="w">2013-03-08</subfield>
    <subfield code="y">BK</subfield>
    <subfield code="z">Progressivo inserimento:  22578 /  N. Volumi: 1 Copie: 1  / data import: 1 marzo 2013 - By Epidotti, Trombetti, Vaglietti. </subfield>
  </datafield>
</record>
